Big Brother Canada Winners - Statistics

General Stats
  • This quiz has been taken 39 times
  • The average score is 9 of 12
Answer Stats
Season Winner % Correct
πŸ‡¨πŸ‡¦ 10 Kevin Jacobs
100%
πŸ‡¨πŸ‡¦ 05 Kevin Martin
100%
πŸ‡¨πŸ‡¦ 03 Sarah Hanlon
100%
πŸ‡¨πŸ‡¦ 01 Jillian MacLaughlin
86%
πŸ‡¨πŸ‡¦ 06 Paras Atashnak
86%
πŸ‡¨πŸ‡¦ 12 Bayleigh Pelham
71%
πŸ‡¨πŸ‡¦ 07 Dane Rupert
71%
πŸ‡¨πŸ‡¦ 02 Jon Pardy
71%
πŸ‡¨πŸ‡¦ 04 Phil Paquette
71%
πŸ‡¨πŸ‡¦ 11 Ty McDonald
71%
πŸ‡¨πŸ‡¦ 04 Nick Paquette
57%
πŸ‡¨πŸ‡¦ 09 Tychon Carter-Newman
57%
No matching quizzes found
Score Distribution
Percent of People with Each Score
Percentile by Number Answered
Your Score History
You have not taken this quiz